<?xml version="1.0" encoding="UTF-8"?>
<record
    xmlns:xsi="http://www.w3.org/2001/XMLSchema-instance"
    xsi:schemaLocation="http://www.loc.gov/MARC21/slim http://www.loc.gov/standards/marcxml/schema/MARC21slim.xsd"
    xmlns="http://www.loc.gov/MARC21/slim">

  <leader>01071nam a2200289 i 4500</leader>
  <controlfield tag="005">20250615120950.0</controlfield>
  <controlfield tag="008">250615s2023    ii a   br     000 1 tam d</controlfield>
  <datafield tag="020" ind1=" " ind2=" ">
    <subfield code="a">9788119063840</subfield>
    <subfield code="c">RM11.20</subfield>
    <subfield code="q">paperback </subfield>
  </datafield>
  <datafield tag="040" ind1=" " ind2=" ">
    <subfield code="a">PPAK </subfield>
    <subfield code="b">eng</subfield>
    <subfield code="c">PPAK </subfield>
    <subfield code="e">rda</subfield>
  </datafield>
  <datafield tag="082" ind1="0" ind2="4">
    <subfield code="2">23</subfield>
    <subfield code="a">894.8113</subfield>
  </datafield>
  <datafield tag="090" ind1="0" ind2="0">
    <subfield code="a">894.8113</subfield>
    <subfield code="b">RAM</subfield>
    <subfield code="d">K</subfield>
  </datafield>
  <datafield tag="100" ind1="0" ind2=" ">
    <subfield code="a">Rama&#x1E47;i, </subfield>
    <subfield code="e">author. </subfield>
  </datafield>
  <datafield tag="245" ind1="1" ind2="0">
    <subfield code="6">880-01</subfield>
    <subfield code="a">P&#x16B;kka&#x1E37;in&#x332; nakaram = </subfield>
    <subfield code="b">The city of flowers / </subfield>
    <subfield code="c">Rama&#x1E47;i ; Illustrator: Pi&#x1E37;&#x1E37;ai </subfield>
  </datafield>
  <datafield tag="250" ind1=" " ind2=" ">
    <subfield code="a">Mutal patippu</subfield>
  </datafield>
  <datafield tag="264" ind1=" " ind2="1">
    <subfield code="a">Trichy : </subfield>
    <subfield code="b">S. R. V. Tamil Publishing, </subfield>
    <subfield code="c">2023</subfield>
  </datafield>
  <datafield tag="300" ind1=" " ind2=" ">
    <subfield code="a">12 pages : </subfield>
    <subfield code="b">colour illustrations ; </subfield>
    <subfield code="c">17 x 19 cm</subfield>
  </datafield>
  <datafield tag="336" ind1=" " ind2=" ">
    <subfield code="a">text</subfield>
    <subfield code="2">rdacontent</subfield>
  </datafield>
  <datafield tag="337" ind1=" " ind2=" ">
    <subfield code="a">unmediated</subfield>
    <subfield code="2">rdamedia</subfield>
  </datafield>
  <datafield tag="338" ind1=" " ind2=" ">
    <subfield code="a">volume</subfield>
    <subfield code="2">rdacarrier</subfield>
  </datafield>
  <datafield tag="500" ind1=" " ind2=" ">
    <subfield code="a">Children's stories</subfield>
  </datafield>
  <datafield tag="546" ind1=" " ind2=" ">
    <subfield code="a">In Tamil</subfield>
  </datafield>
  <datafield tag="650" ind1="1" ind2="0">
    <subfield code="a">Children's stories, Tamil</subfield>
  </datafield>
  <datafield tag="650" ind1="2" ind2="0">
    <subfield code="a">Tamil fiction</subfield>
  </datafield>
  <datafield tag="700" ind1="0" ind2=" ">
    <subfield code="a">Pi&#x1E37;&#x1E37;ai,  </subfield>
    <subfield code="e">illustrator. </subfield>
  </datafield>
  <datafield tag="880" ind1=" " ind2=" ">
    <subfield code="6">245-01/$1</subfield>
    <subfield code="a">&#xBAA;&#xBC2;&#xB95;&#xBCD;&#xB95;&#xBB3;&#xBBF;&#xBA8;&#xBCD; &#xBA8;&#xB95;&#xBB0;&#xBAE;&#xBCD; / &#xBB0;&#xBAE;&#xBA3;&#xBBF; ; &#xBB5;&#xBB0;&#xBC8;&#xBAA;&#xB9F;&#xB95;&#xBCD;&#xB95;&#xBBE;&#xBB0;&#xBB0;&#xBCD;: &#xBAA;&#xBBF;&#xBB3;&#xBCD;&#xBB3;&#xBBE;&#xBAF;&#xBCD;</subfield>
  </datafield>
  <datafield tag="942" ind1=" " ind2=" ">
    <subfield code="2">ddc</subfield>
    <subfield code="c">B</subfield>
  </datafield>
  <datafield tag="999" ind1=" " ind2=" ">
    <subfield code="c">199772</subfield>
    <subfield code="d">199772</subfield>
  </datafield>
  <datafield tag="952" ind1=" " ind2=" ">
    <subfield code="0">0</subfield>
    <subfield code="7">0</subfield>
    <subfield code="b">PPAK</subfield>
    <subfield code="c">K</subfield>
    <subfield code="d">2025-07-13</subfield>
    <subfield code="l">0</subfield>
    <subfield code="o">K 894.8113 RAM</subfield>
    <subfield code="p">A01870890</subfield>
    <subfield code="r">2025-07-13 12:00:50</subfield>
    <subfield code="y">B</subfield>
  </datafield>
  <datafield tag="952" ind1=" " ind2=" ">
    <subfield code="0">0</subfield>
    <subfield code="7">0</subfield>
    <subfield code="b">SP</subfield>
    <subfield code="c">K</subfield>
    <subfield code="d">2025-07-13</subfield>
    <subfield code="l">0</subfield>
    <subfield code="o">K 894.8113 RAM</subfield>
    <subfield code="p">A01870891</subfield>
    <subfield code="r">2025-07-13 12:00:50</subfield>
    <subfield code="y">B</subfield>
  </datafield>
</record>
